|
|
|
|
| LEADER |
00000nam0a2200000 4500 |
| 001 |
14342 |
| 005 |
20231030185630.0 |
| 010 |
|
|
|a 5703813492
|
| 035 |
|
|
|a (RuTPU)RU\TPU\book\14435
|
| 035 |
|
|
|a BOOK00014504
|
| 090 |
|
|
|a 14342
|
| 100 |
|
|
|a 20011209d1998 m y0rusy50 ca
|
| 101 |
0 |
|
|a rus
|
| 102 |
|
|
|a RU
|
| 105 |
|
|
|a y j 000zy
|
| 200 |
0 |
|
|a Т. 1 : Основы механики сплошных сред
|
| 210 |
|
|
|d 1998
|
| 215 |
|
|
|a 368 с.
|
| 461 |
|
|
|t Прикладная механика сплошных сред
|o В 3-х т.: Учебник для вузов
|v Т. 1 : Основы механики сплошных сред
|f А. В. Бабкин, В. В. Селиванов
|d 1998
|
| 610 |
1 |
|
|a механика
|
| 610 |
1 |
|
|a сплошные среды
|
| 610 |
1 |
|
|a векторный анализ
|
| 610 |
1 |
|
|a тензорный анализ
|
| 610 |
1 |
|
|a физические величины
|
| 610 |
1 |
|
|a уравнения
|
| 610 |
1 |
|
|a реологические модели
|
| 610 |
1 |
|
|a практические задачи
|
| 610 |
1 |
|
|a учебные пособия
|
| 675 |
|
|
|a 531(075.8)
|v 3
|
| 801 |
|
0 |
|a RU
|b 63413507
|c 20011209
|g PSBO
|
| 801 |
|
2 |
|a RU
|b 63413507
|c 20190208
|g PSBO
|
| 942 |
|
|
|c BK
|